|
|
|
|
| LEADER |
00000cam a2200000 a 4500 |
| 001 |
62319 |
| 003 |
CZ-ZlUTB |
| 005 |
20240829145118.0 |
| 007 |
ta |
| 008 |
081230s2008 xr a e f 000 0 cze |
| 015 |
|
|
|a cnb001849654
|
| 020 |
|
|
|a 9788087106143
|q (brož.)
|
| 035 |
|
|
|a (OCoLC)316680544
|
| 040 |
|
|
|a OLA001
|b cze
|d ABA001
|d ZLD002
|
| 072 |
|
7 |
|a 655
|x Polygrafie. Vydavatelství a knižní obchod
|2 Konspekt
|9 12
|
| 080 |
|
|
|a 655.28.022.8
|2 MRF
|
| 080 |
|
|
|a 004.42Word
|2 MRF
|
| 080 |
|
|
|a 004.422.56
|2 MRF
|
| 080 |
|
|
|a (035)
|2 MRF
|
| 100 |
1 |
|
|a Stříž, Pavel,
|d 1979-
|7 mzk2004258429
|4 aut
|
| 245 |
1 |
0 |
|a Dokumentace: Velké makro, aneb, Nový způsob zpracování korektur /
|c Pavel Stříž a Martin Stříž
|
| 246 |
3 |
0 |
|a Velké makro, aneb, Nový způsob zpracování korektur
|
| 246 |
3 |
0 |
|a Nový způsob zpracování korektur
|
| 250 |
|
|
|a Vyd. 1.
|
| 260 |
|
|
|a Bučovice :
|b Martin Stříž,
|c 2008
|
| 300 |
|
|
|a 100 s. :
|b il. ;
|c 21 cm
|
| 650 |
0 |
7 |
|a korektury
|7 ph414723
|2 czenas
|
| 650 |
0 |
7 |
|a Microsoft Word (software)
|7 ph135713
|2 czenas
|
| 650 |
0 |
7 |
|a makroinstrukce
|7 ph265682
|2 czenas
|
| 650 |
0 |
9 |
|a proofreading
|2 eczenas
|
| 650 |
0 |
9 |
|a Microsoft Word
|2 eczenas
|
| 650 |
0 |
9 |
|a macro instructions
|2 eczenas
|
| 655 |
|
7 |
|a příručky
|7 fd133209
|2 czenas
|
| 655 |
|
9 |
|a handbooks, manuals, etc
|2 eczenas
|
| 700 |
1 |
|
|a Stříž, Martin,
|d 1982-
|7 mzk2009491827
|4 aut
|
| 910 |
|
|
|a ZLD002
|
| 928 |
1 |
|
|a Stříž Martin. Bučovice
|
| 952 |
|
|
|0 0
|1 0
|4 0
|6 655STŘÍŽ
|7 0
|8 BOOK
|9 113779
|a UTBZL
|b UTBZL
|c 005
|d 2012-01-04
|l 0
|o 655/STŘÍŽ
|p 420010142538
|r 2019-08-26 00:00:00
|v 275.00
|w 2019-08-26
|x N:nákup; | 20100430
|y 01
|
| 992 |
|
|
|a BK
|b SK
|
| 901 |
|
|
|f 1. vyd.
|o 20090320
|
| 999 |
|
|
|c 62319
|d 62319
|